000
00292nam a22001337a 4500
008
180918b xxu||||| |||| 00| 0 eng d
020
_a
9780060530754
041
_a
eng
080
_a
721
100
_a
44
101
_a
ART
245
_a
Art A New History
_c
Johnson.P
942
_2
udc
_c
BK
999
_c
47925
_d
47925